Supernatural Monsters - Statistics

General Stats
  • This quiz has been taken 3,011 times
  • The average score is 16 of 43
Answer Stats
Hint Answer % Correct
D Demon
88%
V Vampire
88%
W Werewolves
83%
A Angel
82%
G Ghost
79%
W Wendigo
68%
C (Virus) Croatoan
58%
L Leviathan
57%
S Shapeshifter
56%
Z Zombie
56%
G Ghoul
52%
W Witches & Warlocks
51%
A Archangel
46%
D Djinn
38%
H Hellhound
38%
S Skinwalker
38%
R Reaper
37%
D Dragon
36%
F Fairies
36%
S Siren
34%
W Wraith
32%
R Rugaru
31%
J Jefferson Starship
29%
C Changeling
25%
H Horsemen of the Apocalypse
25%
K Kitsune
23%
A Alpha
21%
A Amazon
21%
P Phoenix
20%
O Okami
18%
L Lamia
17%
V Vetala
17%
C Crocotta
16%
C Cupid
15%
R Rakshasa
15%
T Tulpa
15%
S Shojo
14%
S Shtriga
14%
A Arachnes
13%
B Buruburu
13%
A Acheri
11%
W Whore of Babylon
11%
D or S Davea/Shadow
10%
No matching quizzes found
Score Distribution
Percent of People with Each Score
Percentile by Number Answered
Your Score History
You have not taken this quiz